[Event "Match"]
[Site "www.echecsemail.com"]
[Date "2019.10.31"]
[Round "1"]
[White "Tarasch"]
[Black "Tbsundar"]
[WhiteElo "2300"]
[BlackElo "2200"]
[Result "1/2-1/2"]
[Round "1"]
1.d4 d5
2.c4 c6
3.Ng1f3 e6
4.e3 Nb8d7
5.Nb1d2 Ng8f6
6.Bf1d3 Bf8b4
7.O-O O-O
8.a3 Bb4d6
9.b4 Qd8e7
10.Bc1b2 Rf8e8
11.c5 Bd6c7
12.b5 e5
13.bxc6 bxc6
14.dxe5 Nd7xe5
15.Nf3xe5 Bc7xe5
16.Bb2xe5 Qe7xe5
17.h3 Ra8b8
18.Nd2b3 Bc8f5
19.Bd3xf5 Qe5xf5
20.Nb3d4 Qf5d7
21.Qd1c2 Nf6e4
22.Ra1b1 Rb8c8
23.Rb1b2 Qd7e7
24.Rf1c1 Qe7f6
25.Rb2b7 a6
26.Rc1b1 Re8e5
27.Rb7b8 Re5e8
28.Rb8xc8 Re8xc8
29.Rb1b6 a5
30.f3 Ne4g3
31.Nd4xc6 g6
32.Nc6a7 Qf6xb6
33.cxb6 Rc8xc2
34.a4 h5
35.b7 h4
36.b8Q Kh7
37.Qb8b1 Rc2c1
38.Qb1xc1 Ng3e2
39.Kf1 Ne2xc1
{ draw }
1/2-1/2

[Event "Tourn. n10212"]
[Site "www.echecsemail.com"]
[Date "2019.10.31"]
[Round "1"]
[White "Lenyb"]
[Black "Coolant"]
[WhiteElo "2590"]
[BlackElo "2370"]
[Result "1-0"]
[Round "1"]
1.e4 Nb8c6
2.d4 d5
3.e5 f6
4.f4 Bc8f5
5.Ng1f3 e6
6.Bf1b5 a6
7.Bb5xc6 bxc6
8.O-O c5
9.Nb1c3 cxd4
10.Nf3xd4 Bf8c5
11.Bc1e3 Bc5xd4
12.Be3xd4 Ra8b8
13.g4 Bf5e4
14.Qd1e2 Rb8b4
15.Ra1d1 f5
16.Nc3xe4 fxe4
17.f5 exf5
18.gxf5 Qd8g5
19.Kh1 Ng8e7
20.Bd4e3 Qg5h4
21.Qe2xa6 O-O
22.Qa6e6 Rf8f7
23.f6 gxf6
24.Rf1xf6 Qh4h5
25.Rd1g1 Kf8
26.Be3h6 Ke8
27.Rg1g8 { resign }
1-0

[Event "Tourn. n10180"]
[Site "www.echecsemail.com"]
[Date "2019.10.31"]
[Round "1"]
[White "Jerome"]
[Black "Galiany17"]
[WhiteElo "2420"]
[BlackElo "2259"]
[Result "1-0"]
[Round "1"]
1.e4 e5
2.Ng1f3 Ng8f6
3.Nf3xe5 d6
4.Ne5c4 Nf6xe4
5.Nb1c3 Ne4xc3
6.bxc3 Bf8e7
7.d4 O-O
8.Bf1d3 Nb8d7
9.O-O d5
10.Nc4e3 Nd7b6
11.Qd1f3 Be7d6
12.a4 a5
13.Bc1d2 c6
14.g3 Bc8e6
15.Kg2 f5
16.Kg1 Qd8d7
17.Ne3g2 Ra8e8
18.Bd2f4 Bd6xf4
19.Qf3xf4 Nb6c8
20.Rf1e1 Nc8d6
21.f3 h6
22.h4 Qd7d8
23.Ra1b1 g5
24.Qf4d2 Qd8f6
25.hxg5 hxg5
26.Re1e5 Nd6f7
27.Re5e2 Re8e7
28.Rb1f1 Nf7d6
29.f4 g4
30.Re2e5 Re7h7
31.Ng2h4 Rh7h6
32.Rf1e1 Be6d7
33.Qd2e3 Rf8f7
34.Kf1 Rf7h7
35.Ke2 Rh6xh4
36.gxh4 Qf6xh4
37.Kd1 Qh4h2
38.Bd3xf5 Rh7h3
39.Re5e8 Bd7xe8
40.Qe3e6 Be8f7
41.Qe6xd6 Qh2g2
42.Qd6d8 Kg7
43.Qd8g5 Kf8
44.Qg5e7 Kg7
45.Kc1 Rh3h1
46.Re1xh1 Qg2xh1
47.Kb2 Qh1h5
48.Bf5e6 Qh5g6
49.f5 Qg6f6
50.Qe7xb7 g3
51.Qb7b8 g2
52.Qb8g3 Kf8
53.Be6xf7 Kxf7
54.Qg3xg2 Qf6xf5
55.Qg2h2 Qf5c8
56.Qh2h7 Kf6
57.Qh7a7 Qc8d8
58.Qa7b7 Qd8e8
59.Ka2 Ke6
60.Qb7a6 Qe8d7
61.Qa6xa5 Qd7b7
62.Qa5b4 Qb7a6
63.a5 Kd7
64.Kb3 Kc8
65.c4 dxc4
66.Qb4xc4 Qa6xa5
67.Qc4xc6 Kd8
68.Qc6d6 Ke8
69.Qd6e5 { resign }
1-0

[Event "Tourn. n10230"]
[Site "www.echecsemail.com"]
[Date "2019.10.31"]
[Round "1"]
[White "Said13"]
[Black "Apdash"]
[WhiteElo "2289"]
[BlackElo "2200"]
[Result "1-0"]
[Round "1"]
1.c4 e6
2.Nb1c3 Ng8f6
3.g3 d5
4.cxd5 Nf6xd5
5.Bf1g2 c6
6.e4 Nd5xc3
7.bxc3 Bf8e7
8.d4 O-O
9.Ng1e2 b6
10.O-O Bc8a6
11.Rf1e1 Nb8d7
12.Qd1a4 Ba6b5
13.Qa4c2 Ra8c8
14.c4 Bb5a6
15.Qc2a4 Ba6b7
16.Qa4xa7 Bb7a8
17.Bc1e3 Be7b4
18.Re1d1 Bb4a5
19.c5 b5
20.e5 Ba5b4
21.a3 Rc8c7
22.axb4 Rc7xa7
23.Ra1xa7 Qd8b8
24.Rd1a1 Ba8b7
25.Ne2c3 f6
26.Nc3xb5 fxe5
27.Nb5d6 exd4
28.Be3xd4 Bb7c8
29.Bd4c3 e5
30.Ra7a8 Qb8c7
31.Ra1a7 Qc7d8
32.Ra8xc8 Qd8g5
33.Bg2xc6 Qg5c1
34.Kg2 Qc1xc3
35.Bc6d5 Kh8
36.Rc8xf8 Nd7xf8
37.Nd6f7 Kg8
38.Nf7g5 Kh8
39.Ra7a8 g6
40.Ra8xf8 Kg7
41.Rf8f7 Kh6
42.h4 Kh5
43.Rf7xh7 Kg4
44.Bd5e6 { resign }
1-0

[Event "Match"]
[Site "www.echecsemail.com"]
[Date "2019.10.31"]
[Round "1"]
[White "Tbsundar"]
[Black "Apdash"]
[WhiteElo "2240"]
[BlackElo "2220"]
[Result "1/2-1/2"]
[Round "1"]
1.d4 d5
2.c4 c6
3.e3 e6
4.Ng1f3 Ng8f6
5.c5 b6
6.b4 a5
7.bxa5 bxc5
8.Nb1d2 cxd4
9.exd4 Qd8xa5
10.Bf1d3 c5
11.O-O c4
12.Bd3c2 Nb8d7
13.Nf3g5 Bc8a6
14.Bc2a4 h6
15.Ba4xd7 Nf6xd7
16.Qd1h5 g6
17.Qh5h3 c3
18.Nd2b3 Qa5b4
19.Rf1e1 Ba6c4
20.Ng5xf7 Kxf7
21.Qh3xe6 Kg7
22.Qe6xd7 Kg8
23.Bc1f4 Rh8h7
24.Qd7e6 Kh8
25.Qe6xg6 Bf8g7
26.Bf4d6 Qb4b5
27.a4 Qb5d7
28.Re1e7 Qd7xe7
29.Bd6xe7 Bc4xb3
30.a5 c2
31.a6 Bg7xd4
32.Be7f6 Bd4xf6
33.Qg6xf6 Kg8
34.Qf6e6 Kh8
35.Qe6f6 Kg8
36.Ra1c1 h5
37.f3 h4
38.Qf6c3 Ra8b8
39.Qc3c5 Rh7d7
40.Qc5c6 Rd7d8
41.Qc6g6 Kf8
42.Qg6h6 Kg8
43.Qh6xh4 d4
44.Qh4g5 Kh8
45.Qg5h6 Kg8
46.Rc1e1 d3
47.Re1e7 Bb3f7
48.Qh6f4 c1Q
49.Qf4xc1 d2
50.Qc1d1 Bf7b3
51.Re7e8 Rd8xe8
52.Qd1xd2 Bb3f7
53.Qd2g5 Kh7
54.Qg5h4 Kg7
55.Qh4d4 Kg8
56.Kf2 Re8d8
57.Qd4g4 Kf8
{ draw }
1/2-1/2

[Event "Tourn. n10218"]
[Site "www.echecsemail.com"]
[Date "2019.10.31"]
[Round "1"]
[White "Cal"]
[Black "Roma753"]
[WhiteElo "1820"]
[BlackElo "1709"]
[Result "0-1"]
[Round "1"]
1.d4 f5
2.f4 Ng8f6
3.Nb1c3 d5
4.Ng1f3 e6
5.a3 c6
6.Nf3e5 Nb8d7
7.e3 Nd7xe5
8.dxe5 Nf6e4
9.Nc3xe4 fxe4
10.c4 a5
11.b3 Qd8e7
12.Qd1g4 Qe7f7
13.cxd5 exd5
14.Qg4g3 Bf8e7
15.Bf1e2 O-O
16.O-O Bc8f5
17.Bc1b2 Qf7g6
18.Qg3xg6 Bf5xg6
19.a4 Be7c5
20.h3 Bc5xe3
21.Kh1 Rf8xf4
22.Rf1xf4 Be3xf4
23.g3 Bf4xg3
24.Kg2 Bg3f4
25.e6 Ra8e8
26.Be2g4 h5
27.Bg4d1 Re8xe6
28.h4 Bf4e5
29.Kf2 Be5xb2
30.Ra1b1 e3
31.Ke2 Bg6xb1
32.Kf3 d4
33.Bd1e2 d3
{ resign }
0-1

[Event "Match"]
[Site "www.echecsemail.com"]
[Date "2019.11.01"]
[Round "1"]
[White "Micheles"]
[Black "Bahadirozen"]
[WhiteElo "2600"]
[BlackElo "1809"]
[Result "1-0"]
[Round "1"]
1.d4 d5
2.Ng1f3 Ng8f6
3.Bc1g5 Nf6e4
4.Bg5h4 c6
5.Nb1d2 Qd8b6
6.Ra1b1 Bc8f5
7.e3 Ne4xd2
8.Nf3xd2 Nb8d7
9.Bf1d3  { time }
1-0

[Event "Tourn. n10195"]
[Site "www.echecsemail.com"]
[Date "2019.11.01"]
[Round "1"]
[White "Jackbauer"]
[Black "Mitja"]
[WhiteElo "1930"]
[BlackElo "1860"]
[Result "1/2-1/2"]
[Round "1"]
1.e4 d5
2.exd5 Qd8xd5
3.Nb1c3 Qd5d8
4.f4 e6
5.a3 c6
6.Ng1f3 h6
7.d4 Ng8f6
8.Bf1e2 b6
9.O-O Bc8b7
10.g3 Nf6d5
11.Bc1d2 Nd5xc3
12.Bd2xc3 Bb7a6
13.Nf3d2 Ba6xe2
14.Qd1xe2 Bf8e7
15.Nd2f3 Be7f6
16.Ra1d1 O-O
17.Bc3b4 Bf6e7
18.Qe2c4 Be7xb4
19.Qc4xb4 Qd8c7
20.h4 Nb8d7
21.Qb4d2 Nd7f6
22.Rf1e1 Ra8d8
23.c3 Nf6g4
24.Kg2 h5
25.b4 b5
26.Nf3g5 Rf8e8
27.Qd2c2 g6
28.Ng5e4 Kg7
29.Rd1d2 a6
30.Ne4c5 a5
31.Nc5d3 axb4
32.cxb4 Qc7b6
33.Nd3c5 Qb6a7
34.Rd2d3 Rd8d5
35.Qc2b2 Re8d8
36.Kh3 Rd8a8
37.Re1f1 Ra8d8
38.Rf1d1 Qa7e7
39.Qb2c2 Ng4h6
40.Rd1e1 Nh6f5
41.Nc5b3 Qe7c7
42.Re1e4 Qc7b6
43.Qc2c3 Nf5h6
44.Kg2 Nh6f5
45.Kh3 Nf5d6
46.Re4e5 Rd5xe5
47.fxe5 Nd6f5
48.Qc3b2 Nf5h6
49.Rd3f3 Nh6f5
50.Rf3f4 Qb6b7
{ draw }
1/2-1/2

[Event "Tourn. n10180"]
[Site "www.echecsemail.com"]
[Date "2019.11.01"]
[Round "1"]
[White "Galiany17"]
[Black "Ejner"]
[WhiteElo "2309"]
[BlackElo "2510"]
[Result "1-0"]
[Round "1"]
1.e4 e6
2.d4 d5
3.Nb1c3 Bf8b4
4.e5 c5
5.a3 Bb4xc3
6.bxc3 Ng8e7
7.Ng1f3 b6
8.a4 Bc8a6
9.Bf1b5 Ba6xb5
10.axb5 Nb8d7
11.O-O Qd8c7
12.Qd1d3 h6
13.Bc1d2 O-O
14.Ra1a6 c4
15.Qd3e2 Nd7b8
16.Ra6a3 a5
17.Nf3h4 Nb8d7
18.Qe2g4 Kh7
19.Ra3a4 f5
20.Qg4h5 Qc7d8
21.Nh4f3 Kg8
22.Bd2xh6 Qd8e8
23.Qh5xe8 Rf8xe8
24.Bh6g5 Ne7c8
25.g3 Nd7f8
26.h4 Nf8g6
27.Bg5d2 Ng6h8
28.Nf3g5 Nh8f7
29.Ng5h3 Nc8a7
30.Nh3f4 Ra8b8
31.Rf1b1 Kh7
32.f3 Nf7h6
33.Ra4a1 Rb8b7
34.Kf2 Kg8
35.h5 Kf7
36.Nf4g6 Re8a8
37.Bd2g5 Na7c8
38.Ke3 a4
39.Ra1a3 Ra8a5
40.Rb1b4 Rb7a7
41.Ng6f4 Ra7a8
42.Bg5d8 Ra8a7
43.Kf2 Ra7d7
44.Bd8g5 Rd7a7
45.Kg2 Nc8e7
46.Kh3 Ra7a8
47.g4 Ra5a7
48.Bg5h4 { resign }
1-0

[Event "Tourn. n10223"]
[Site "www.echecsemail.com"]
[Date "2019.11.01"]
[Round "1"]
[White "Galiany17"]
[Black "Coolant"]
[WhiteElo "2500"]
[BlackElo "2360"]
[Result "1-0"]
[Round "1"]
1.e4 e5
2.Ng1f3 Nb8c6
3.d4 exd4
4.Nf3xd4 Qd8f6
5.Bc1e3 Bf8c5
6.c3 Ng8e7
7.g3 h5
8.Bf1g2 h4
9.O-O hxg3
10.fxg3 Qf6e5
11.Rf1f2 d6
12.b4 Bc5b6
13.a4 a6
14.a5 Bb6a7
15.Nb1a3 Bc8e6
16.Na3c2 Be6c4
17.Qd1g4 Bc4d3
18.Ra1c1 Qe5h5
19.Qg4xh5 Rh8xh5
20.Nd4xc6 Ne7xc6
21.Be3xa7 Nc6xa7
22.Nc2e3 Rh5e5
23.Rf2f5 Na7c6
24.Ne3d5 Ra8c8
25.Bg2h3 Bd3xe4
26.Rf5xe5 Nc6xe5
27.Bh3xc8 Be4xd5
28.h4 Kd8
29.Bc8h3 Ke7
30.Rc1a1 g6
31.Kf2 f5
32.Ke3 Kf6
33.Ra1f1 Bd5e4
34.g4 Ne5c4
35.Kf4 Be4d3
36.Rf1d1 Bd3e2
37.Rd1d4 fxg4
38.Bh3xg4 Be2xg4
39.Rd4xc4 Bg4d7
40.Rc4xc7 Bd7c6
41.c4 { resign }
1-0

[Event "Tourn. n10191"]
[Site "www.echecsemail.com"]
[Date "2019.11.01"]
[Round "1"]
[White "Cal"]
[Black "Chessdna"]
[WhiteElo "1700"]
[BlackElo "1600"]
[Result "0-1"]
[Round "1"]
1.Nb1c3 e5
2.e4 c6
3.a3 Ng8f6
4.d3 d5
5.exd5 cxd5
6.Ng1f3 d4
7.Nc3e2 Bf8d6
8.c3 dxc3
9.bxc3 b5
10.h3 Qd8b6
11.Ne2g3 O-O
12.Bc1e3 Qb6c7
13.Bf1e2 Qc7xc3
14.Be3d2 Qc3c7
15.Bd2b4 Nb8c6
16.O-O a5
17.Bb4xd6 Qc7xd6
18.Ng3f5 Qd6e6
19.Nf3h4 g5
20.Nf5h6 Kh8
21.Nh4f3 Nf6d5
22.Rf1e1 Qe6xh6
23.Kh2 g4
24.Nf3g1 gxh3
25.g3 f5
26.Ng1xh3 f4
27.g4 Nc6d4
28.Re1h1 f3
29.Be2f1 Nd5f4
30.Kg3 Bc8xg4
31.Qd1d2 Nf4h5
32.Kxg4 Nh5f6
33.Kg3 Qh6xd2
34.Ra1b1 Rf8g8
35.Kh2 Nf6g4
{ resign }
0-1

[Event "Match"]
[Site "www.echecsemail.com"]
[Date "2019.11.01"]
[Round "1"]
[White "Goofy"]
[Black "Bahadirozen"]
[WhiteElo "2330"]
[BlackElo "1809"]
[Result "1-0"]
[Round "1"]
1.e4 e5
2.Ng1f3 Nb8c6
3.Bf1c4 Bf8c5
4.c3 Ng8f6
5.d3 O-O
6.Bc4b3 d5
7.Qd1e2 h6
8.h3 a5
9.a4 Bc8e6
10.Bb3c2 Rf8e8
11.Nb1d2 Bc5b6
12.Nd2f1  { time }
1-0

[Event "Tourn. n10230"]
[Site "www.echecsemail.com"]
[Date "2019.11.01"]
[Round "1"]
[White "Ff333"]
[Black "Fantomas"]
[WhiteElo "2000"]
[BlackElo "2220"]
[Result "0-1"]
[Round "1"]
1.e4 c5
2.Ng1f3 d6
3.d4 cxd4
4.Nf3xd4 Nb8c6
5.Bf1b5 Bc8d7
6.Nd4xc6 bxc6
7.Bb5e2 g6
8.O-O Bf8g7
9.c3 Ng8f6
10.f3 O-O
11.Nb1a3 Ra8b8
12.Ra1b1 Bd7e6
13.b3 Nf6d7
14.Bc1b2 Rf8e8
15.Be2c4 Be6xc4
16.Na3xc4 Nd7c5
17.Qd1e2 Qd8c7
18.Nc4e3 e6
19.Rf1d1 d5
20.exd5 exd5
21.Qe2f2 Nc5e6
22.g3 Qc7b6
23.Rd1d2 Ne6g5
24.Kg2 Qb6xe3
25.Qf2xe3 Re8xe3
26.f4 Ng5e4
27.Rd2c2 Ne4xc3
28.Bb2xc3 Bg7xc3
29.Rb1c1 d4
30.Kf2 Rb8e8
31.a4 Re3e1
32.Rc2xc3 Re8e2
33.Kf3 dxc3
34.Rc1xc3 Re2e6
{ resign }
0-1

[Event "Tourn. n10211"]
[Site "www.echecsemail.com"]
[Date "2019.11.01"]
[Round "1"]
[White "Cal"]
[Black "Roma753"]
[WhiteElo "1820"]
[BlackElo "1709"]
[Result "0-1"]
[Round "1"]
1.Nb1c3 d5
2.d4 f5
3.h3 Ng8f6
4.Bc1g5 e6
5.Ng1f3 Bf8e7
6.e3 Nf6e4
7.Bg5xe7 Qd8xe7
8.Bf1b5 c6
9.Bb5a4 Ne4xc3
10.bxc3 Qe7a3
11.Ba4b3 a5
12.O-O a4
13.Bb3xd5 exd5
14.Qd1d3 O-O
15.Nf3e5 Nb8d7
16.f4 Nd7xe5
17.dxe5 Bc8e6
18.Kh2 Qa3e7
19.a3 b5
20.Rf1f3 Qe7c5
21.g4 fxg4
22.hxg4 Be6xg4
23.Rf3g3 Bg4f5
24.Qd3e2 Qc5xc3
25.Ra1g1 Ra8a7
26.Qe2g2 Qc3xc2
27.Qg2xc2 Bf5xc2
28.Rg3g5 b4
29.axb4 a3
30.e6 a2
31.Rg1a1 Bc2b1
32.Rg5e5 Rf8e8
33.f5 Ra7b7
34.Kg3 Rb7xb4
35.Kf3 Kf8
36.f6 gxf6
37.Re5h5 Kg7
38.Rh5h2 Re8xe6
39.Ra1xa2 Bb1xa2
40.Rh2xa2 Rb4e4
41.Ra2g2 Kh8
42.Rg2e2 h5
43.Re2h2 Re4xe3
44.Kf4 Kg7
45.Rh2xh5 Re6e4
46.Kf5 Re4e5
47.Kg4 Re3e4
{ resign }
0-1

[Event "Match"]
[Site "www.echecsemail.com"]
[Date "2019.11.01"]
[Round "1"]
[White "Gambitmiau"]
[Black "Riemis"]
[WhiteElo "1860"]
[BlackElo "1869"]
[Result "0-1"]
[Round "1"]
1.e4 c5
2.Ng1f3 d6
3.Bf1c4 e6
4.O-O Bf8e7
5.d4 cxd4
6.Nf3xd4 Ng8f6
7.Rf1e1 O-O
8.Bc1g5 Nb8d7
9.Qd1f3 Nd7e5
10.Qf3b3 Ne5xc4
11.Qb3xc4 Bc8d7
12.Nb1c3 Ra8c8
13.Qc4d3 a6
14.Nd4f3 h6
15.Bg5xf6 Be7xf6
16.e5 dxe5
17.Nc3e4 Bd7b5
18.Ne4xf6 Qd8xf6
19.Qd3e4 Bb5c6
20.Qe4xe5 Qf6g6
21.Re1e3 Qg6xc2
22.Re3e2 Qc2f5
23.Qe5xf5 exf5
24.Nf3d4 Rf8e8
25.Ra1e1 Re8xe2
26.Re1xe2 Bc6d5
27.h4 Bd5xa2
28.b4 Ba2b1
29.Re2b2 Rc8c1
30.Kh2 g6
31.Nd4e2 Rc1e1
32.f3 Bb1d3
33.Ne2f4 Bd3b5
34.Rb2d2 Re1b1
35.Nf4d5 Bb5c6
36.Nd5e7 Kg7
37.Rd2d4 Rb1b2
38.Ne7xc6 bxc6
39.Rd4d6 Rb2xb4
40.Rd6xc6 Rb4a4
41.g3 Ra4a1
42.Kg2 a5
43.Kf2 a4
44.Ke3 a3
45.Rc6c2 a2
46.Rc2e2 Ra1g1
47.Re2xa2 Rg1xg3
48.Ra2h2 Rg3g1
49.Kf2 Rg1a1
50.f4 Ra1a2
51.Ke3 Ra2xh2
{ resign }
0-1

[Event "Match"]
[Site "www.echecsemail.com"]
[Date "2019.11.01"]
[Round "1"]
[White "Dvdheever"]
[Black "Cal"]
[WhiteElo "1640"]
[BlackElo "1700"]
[Result "0-1"]
[Round "1"]
1.e4 e5
2.Ng1f3 d6
3.Nb1c3 a6
4.g3 Nb8c6
5.Bf1g2 h6
6.O-O Ng8f6
7.d3 Bf8e7
8.Bc1e3 O-O
 { time }
0-1

[Event "Tourn. n10218"]
[Site "www.echecsemail.com"]
[Date "2019.11.01"]
[Round "1"]
[White "Roma753"]
[Black "Iko"]
[WhiteElo "1709"]
[BlackElo "1820"]
[Result "1-0"]
[Round "1"]
1.d4 d5
2.Bc1f4 Ng8f6
3.h3 Nb8c6
4.e3 Qd8d7
5.Ng1f3 Qd7e6
6.Bf4xc7 g6
7.Nb1d2 Qe6d7
8.Bc7h2 Bf8h6
9.c4 g5
10.cxd5 Nf6xd5
11.Bf1b5 a6
12.Bb5xc6 bxc6
13.a3 O-O
14.Ra1c1 Ra8b8
15.Bh2xb8 Bc8b7
16.Bb8h2 g4
17.Nf3e5 Qd7f5
18.Qd1xg4 Qf5xg4
19.Ne5xg4 Bh6g7
20.Nd2e4 a5
21.Ne4c5 Bb7c8
22.Ke2 f5
23.Ng4e5 Bg7xe5
24.Bh2xe5 Rf8f7
25.Nc5b3 Bc8e6
26.Rc1xc6 Nd5f4
27.exf4 Be6xb3
28.Rc6c8 Rf7f8
29.Rc8xf8 Kxf8
30.Rh1c1 e6
31.f3 Bb3d5
32.g4 a4
33.Rc1c5 h6
34.gxf5 Bd5b7
35.fxe6 Ke8
36.f5 Bb7a6
37.Ke3 Ba6f1
38.f6 Bf1xh3
39.Rc5c8 
1-0

[Event "Match"]
[Site "www.echecsemail.com"]
[Date "2019.11.01"]
[Round "1"]
[White "Bjonil60"]
[Black "Dvdheever"]
[WhiteElo "1450"]
[BlackElo "1689"]
[Result "1-0"]
[Round "1"]
1.Nb1c3 Ng8f6
2.e3 Nb8c6
3.Qd1e2 g6
4.g3 Bf8g7
5.b3 d5
6.d4 O-O
7.Ng1f3 Bc8g4
8.h3 Bg4f5
9.g4 Bf5e6
10.a3 Qd8d6
11.Bf1g2 a6
12.O-O b5
13.b4 Ra8d8
14.Nf3d2 Rd8a8
15.f3  { time }
1-0

[Event "Match"]
[Site "www.echecsemail.com"]
[Date "2019.11.02"]
[Round "1"]
[White "Zsigazsuga"]
[Black "Andychesston"]
[WhiteElo "1499"]
[BlackElo "1770"]
[Result "0-1"]
[Round "1"]
1.d4 d5
2.Ng1f3 Nb8c6
3.c3 Ng8f6
4.e3 Bc8g4
5.Bf1e2 e6
6.Nb1d2 Bf8d6
7.h3 Bg4h5
8.O-O O-O
9.Qd1b3 Nc6a5
10.Qb3b5 c6
11.Qb5d3 Bh5g6
{ resign }
0-1

[Event "Tourn. n10217"]
[Site "www.echecsemail.com"]
[Date "2019.11.02"]
[Round "1"]
[White "Osopanda"]
[Black "Mapudungo"]
[WhiteElo "1630"]
[BlackElo "1499"]
[Result "1-0"]
[Round "1"]
1.e4 e5
2.Ng1f3 Nb8c6
3.d4 exd4
4.c3 dxc3
5.Nb1xc3 Bf8b4
6.Bf1c4 Bb4xc3
7.bxc3 d6
8.O-O Ng8f6
9.Rf1e1 O-O
10.Bc1e3 Nf6xe4
11.Nf3d4 Nc6e5
12.Bc4e2 Ne4xc3
13.Qd1c2 Nc3xe2
14.Re1xe2 c5
15.Nd4b3  { time }
1-0

[Event "Tourn. n10221"]
[Site "www.echecsemail.com"]
[Date "2019.11.02"]
[Round "1"]
[White "Rcdamaceanu"]
[Black "Osopanda"]
[WhiteElo "1749"]
[BlackElo "1600"]
[Result "1-0"]
[Round "1"]
1.e4 c5
2.Nb1c3 e6
3.Ng1f3 Nb8c6
4.Bf1b5 d6
5.d4 cxd4
6.Qd1xd4 Ng8f6
7.e5 dxe5
8.Qd4xd8 Kxd8
9.Bb5xc6 bxc6
10.Nf3xe5 Bf8d6
11.Ne5xf7 Ke7
12.Nf7xh8 Bc8a6
13.Bc1d2 Ra8xh8
14.h4 h6
15.a3 Nf6d5
16.Nc3xd5  { time }
1-0

[Event "Tourn. n10216"]
[Site "www.echecsemail.com"]
[Date "2019.11.02"]
[Round "1"]
[White "Francesco"]
[Black "Apdash"]
[WhiteElo "2120"]
[BlackElo "2180"]
[Result "0-1"]
[Round "1"]
1.d4 Ng8f6
2.c4 d5
3.Bc1g5 e6
4.e3 Bf8e7
5.Ng1f3 O-O
6.Nb1c3 c6
7.Ra1c1 Nb8d7
8.cxd5 cxd5
9.Bf1d3 a6
10.O-O b5
11.a3 Bc8b7
12.b4 Nd7b6
13.Nf3d2 Nb6c4
14.Nc3b1 Ra8c8
15.Nd2xc4 dxc4
16.Bd3e2 h6
17.Bg5h4 Nf6d5
18.Bh4g3 a5
19.bxa5 Qd8xa5
20.Qd1c2 Be7g5
21.Bg3d6 Rf8d8
22.Bd6c5 Bg5e7
23.Bc5xe7 Nd5xe7
24.Qc2c3 Qa5b6
25.Nb1d2 Ne7d5
26.Qc3c2 Qb6c6
27.Be2f3 Qc6d6
28.Nd2e4 Qd6xa3
29.Rc1a1 Qa3f8
30.Ra1a7 Bb7a8
31.Ne4c5 Nd5b4
32.Qc2b2 Ba8xf3
33.Qb2xb4 Bf3c6
34.Rf1a1 Qf8d6
35.Ra1a6 Qd6d5
36.f3 Qd5g5
37.Kf2 e5
38.dxe5 Qg5xe5
39.f4 Qe5d5
40.e4 Qd5d4
41.Kg3 Bc6xe4
42.Nc5e6 fxe6
43.Ra6xe6 Qd4e3
44.Kg4 Qe3xa7
{ resign }
0-1

[Event "Match"]
[Site "www.echecsemail.com"]
[Date "2019.11.02"]
[Round "1"]
[White "Double2dutch"]
[Black "Joseph1983"]
[WhiteElo "2290"]
[BlackElo "2300"]
[Result "1-0"]
[Round "1"]
1.Ng1f3 d5
2.c4 d4
3.b4 a5
4.Qd1a4 Bc8d7
5.b5 c5
6.d3 g6
7.e3 dxe3
8.fxe3 Bf8g7
9.d4 cxd4
10.exd4 Ng8f6
11.Bf1e2 O-O
12.Bc1f4 Bd7f5
13.Nb1d2 Nf6e4
14.Nd2xe4 Bf5xe4
15.Ra1d1 Nb8d7
16.O-O Nd7b6
17.Qa4b3 a4
18.Qb3e3 Be4f5
19.Kh1 Ra8c8
20.Rd1c1 Bf5e6
21.d5 Be6g4
22.Rf1d1 Nb6d7
23.c5 Nd7f6
24.Be2c4 Nf6h5
25.Bf4g5 Rf8e8
26.c6 bxc6
27.dxc6 Qd8a5
28.b6 Bg4xf3
29.gxf3 e6
30.c7 h6
31.Bg5h4 { resign }
1-0

[Event "Tourn. n10144"]
[Site "www.echecsemail.com"]
[Date "2019.11.02"]
[Round "1"]
[White "Ff333"]
[Black "Sorim"]
[WhiteElo "2020"]
[BlackElo "2230"]
[Result "0-1"]
[Round "1"]
1.e4 e5
2.Bf1c4 Bf8c5
3.Qd1f3 Ng8f6
4.h3 O-O
5.Ng1e2 Nb8c6
6.c3 d6
7.O-O Bc8e6
8.Bc4d5 Qd8c8
9.b4 Bc5b6
10.a4 a6
11.Kh2 Nc6e7
12.c4 Be6d7
13.a5 Bb6a7
14.c5 Nf6xd5
15.exd5 dxc5
16.bxc5 Ba7xc5
17.Bc1a3 Bc5d6
18.Ba3xd6 cxd6
19.Rf1c1 Qc8b8
20.Nb1a3 b5
21.axb6 Qb8xb6
22.Na3c4 Qb6b8
23.Ra1b1 Bd7b5
24.Ne2c3 Rf8c8
25.Nc3e4 Rc8d8
26.Nc4xd6 Rd8xd6
27.Ne4xd6 Qb8xd6
28.g3 Qd6xd5
29.Qf3d1 Bb5c6
30.Qd1f1 Qd5xd2
31.Rc1d1 Qd2h6
32.Qf1xa6 g5
33.Qa6b6 g4
34.h4 Ne7f5
35.Rd1d8 Ra8xd8
36.Qb6xd8 Kg7
37.Rb1b8 Kg6
38.Rb8b6 Nf5d4
39.Qd8d6 Kg7
40.Qd6xe5 Qh6f6
41.Qe5xf6 Kxf6
42.Kg1 Ke5
43.Kf1 Bc6b5
44.Ke1 Nd4f3
45.Kd1 Bb5d3
46.Rb6b7 Bd3c4
47.Rb7e7 Bc4e6
48.Ke2 Ke4
49.Re7b7 Be6c4
50.Kd1 Nf3e5
51.Rb7b6 f5
52.Rb6b7 Kf3
53.Rb7xh7 Kxf2
54.Rh7e7 Ne5f3
55.h5 f4
56.h6 Bc4d3
57.gxf4 g3
58.h7 g2
59.Re7g7 Bd3xh7
60.f5 Bh7xf5
61.Rg7xg2 Kxg2
62.Ke2 Bf5c2
63.Ke3 Kg3
64.Ke2 Kf4
65.Kf2 Bc2d1
66.Kg2 Nf3e5
67.Kf2 Ne5d3
68.Kg2 Bd1g4
69.Kh2 Kf3
70.Kg1 Bg4h3
71.Kh2 Nd3f4
72.Kg1 Kg3
{ resign }
0-1

[Event "Match"]
[Site "www.echecsemail.com"]
[Date "2019.11.02"]
[Round "1"]
[White "Picifarkinca"]
[Black "Dussek"]
[WhiteElo "1570"]
[BlackElo "1880"]
[Result "1-0"]
[Round "1"]
1.b3 Ng8f6
2.Bc1b2 d6
3.g3 e5
4.Bf1g2 c6
5.c4 Bc8f5
6.d3 Nb8d7
7.Nb1c3 Bf8e7
8.Ng1f3 O-O
9.O-O Nd7b6
10.e4 Bf5g4
11.a4 a5
12.d4 exd4
13.Qd1xd4 c5
14.Qd4d3 Nb6d7
15.Nc3d5 Nf6xd5
16.exd5 Nd7f6
17.Ra1e1 Rf8e8
18.Nf3d2 g6
19.Nd2e4 Nf6xe4
20.Qd3xe4 Bg4f5
21.Qe4f3 Be7f8
22.Re1xe8 Qd8xe8
23.Qf3c3 Qe8e5
24.Qc3d2 Qe5e7
25.Rf1e1 Qe7d7
26.Bg2e4 Ra8e8
27.Be4xf5 gxf5
28.Qd2g5 { resign }
1-0

[Event "Tourn. n10205"]
[Site "www.echecsemail.com"]
[Date "2019.11.02"]
[Round "1"]
[White "Jerome"]
[Black "D4minance"]
[WhiteElo "2570"]
[BlackElo "2860"]
[Result "1/2-1/2"]
[Round "1"]
1.e4 e5
2.Ng1f3 Nb8c6
3.Bf1b5 a6
4.Bb5a4 Ng8f6
5.O-O Bf8e7
6.Rf1e1 b5
7.Ba4b3 O-O
8.c3 d5
9.exd5 Nf6xd5
10.Nf3xe5 Nc6xe5
11.Re1xe5 c6
12.d4 Be7d6
13.Re5e1 Qd8h4
14.g3 Qh4h3
15.Qd1e2 Bc8g4
16.Qe2f1 Qh3h5
17.Bc1e3 Ra8e8
18.Nb1d2 Bg4h3
19.Bb3d1 Qh5f5
20.Qf1e2 c5
21.Nd2f3 Nd5xe3
22.fxe3 cxd4
23.Nf3xd4 Qf5c8
24.Qe2f3 Re8e5
25.g4 Bh3xg4
26.Qf3xg4 Qc8xg4
27.Bd1xg4 Re5g5
28.h3 h5
29.Kf2 hxg4
30.hxg4 Rg5xg4
31.Re1g1 Rg4xg1
32.Ra1xg1 g6
33.Ke2 Rf8c8
34.Kd3 Kg7
{ draw }
1/2-1/2

[Event "Tourn. n10174"]
[Site "www.echecsemail.com"]
[Date "2019.11.02"]
[Round "1"]
[White "Tartan"]
[Black "Jerome"]
[WhiteElo "2490"]
[BlackElo "2420"]
[Result "0-1"]
[Round "1"]
1.e4 c5
2.Ng1f3 e6
3.d4 cxd4
4.Nf3xd4 Ng8f6
5.Nb1c3 d6
6.f4 a6
7.Bf1e2 Bf8e7
8.O-O Qd8c7
9.Bc1e3 O-O
10.g4 d5
11.exd5 Nf6xd5
12.Nc3xd5 exd5
13.Be2f3 Rf8e8
14.Qd1d2 Nb8d7
15.g5 Nd7b6
16.b3 Bc8h3
17.Rf1e1 Ra8d8
18.a4 Nb6d7
19.Bf3xd5 Nd7e5
20.c4 Ne5g4
21.Be3f2 Ng4xf2
22.Qd2xf2 Be7c5
23.Kh1 Qc7b6
24.Re1xe8 Rd8xe8
25.Ra1e1 Bh3e6
26.f5 Be6xd5
27.cxd5 Re8xe1
28.Qf2xe1 Kf8
29.Nd4f3 Qb6xb3
{ resign }
0-1

[Event "Tourn. n10179"]
[Site "www.echecsemail.com"]
[Date "2019.11.02"]
[Round "1"]
[White "Galiany17"]
[Black "Jerome"]
[WhiteElo "2259"]
[BlackElo "2420"]
[Result "0-1"]
[Round "1"]
1.e4 c5
2.Ng1f3 e6
3.d4 cxd4
4.Nf3xd4 Ng8f6
5.Nb1c3 d6
6.g4 h6
7.g5 hxg5
8.Bc1xg5 a6
9.Qd1d2 b5
10.a3 Bc8b7
11.Bf1g2 Qd8b6
12.f4 Nb8d7
13.O-O-O b4
14.axb4 Qb6xb4
15.h4 Ra8b8
16.b3 Nd7c5
17.Rh1e1 Nf6d7
18.Bg2h3 Nd7b6
19.Nc3b1 Qb4xd2
20.Nb1xd2 Rb8c8
21.Kb2 f6
22.Nd4xe6 Rc8b8
23.Nd2f3 fxg5
24.Ne6xc5 dxc5
25.fxg5 Rb8d8
26.h5 Rd8xd1
27.Re1xd1 Bb7c8
28.Bh3xc8 Nb6xc8
29.Rd1h1 Bf8d6
30.Kc3 O-O
31.Nf3e1 Bd6e7
32.Ne1d3 Nc8d6
33.e5 Nd6e4
34.Kb2 c4
35.bxc4 Rf8b8
36.Ka1 Be7xg5
37.Rh1g1 Bg5e3
38.Rg1e1 Be3d4
39.Ka2 Ne4d2
40.Re1h1 Bd4c3
41.Rh1c1 Nd2xc4
42.Rc1b1 Rb8xb1
43.Kxb1 Bc3xe5
44.Ka2 Kh7
45.Kb3 Nc4d2
46.Ka4 Be5c7
47.Nd3b4 Kh6
48.Nb4xa6 Bc7e5
49.Na6c5 Kxh5
50.Nc5d3 Be5c3
51.Nd3f4 Kg4
52.Nf4d5 Bc3e5
53.Kb5 g5
54.c4 Kf3
55.c5 g4
56.Nd5e7 g3
57.Ne7f5 Kf2
58.Nf5xg3 Kxg3
59.c6 Kf4
60.Kb6 Nd2c4
61.Kc5 Nc4e3
62.Kb6 Ne3d5
63.Ka6 Ke3
64.Kb5 Kd4
65.Ka4 Kc5
66.Kb3 Nd5b4
67.Ka3 Kc4
68.c7 Be5xc7
{ resign }
0-1

[Event "Match"]
[Site "www.echecsemail.com"]
[Date "2019.11.02"]
[Round "1"]
[White "Bahadirozen"]
[Black "Foxy100"]
[WhiteElo "1809"]
[BlackElo "2460"]
[Result "0-1"]
[Round "1"]
1.e4 e5
2.Ng1f3 Nb8c6
3.Bf1b5 a6
4.Bb5a4 Ng8f6
5.O-O Bf8e7
6.Rf1e1 b5
7.Ba4b3 O-O
8.a4 b4
9.a5 d6
10.c3 bxc3
11.dxc3 Bc8d7
12.Nb1d2 Qd8c8
13.Nd2f1 Bd7e6
14.Bc1g5 h6
15.Bg5xf6 Be7xf6
16.Nf1e3 Ra8b8
 { time }
0-1